000 00738nam a22002417a 4500
003 UA-OsUOA
001 46955
007 ta
008 20120518b un ||||| |||| 00| 0 ukr d
100 _aShayan W.
090 _a09.-94(477)
942 _cBR
040 _aUA-OsUOA
_beng
_cUA-OsUOA
_dUA-OsUOA
245 _aThe Historical of Ukraine. First part: At the Boundaries of Two (An Introduction into the Early History of the Ukrainian State)
300 _a10 p.
955 _a4
041 _aeng
080 _a09.-94(477)
260 _bNew Epoch
_c1946
650 7 _a0 Загальний відділ.
_2UDC
999 _c427060
_d427060